Al-Tashilat Li Saba Muallaqat (Record no. 3945)

MARC details
000 -LEADER
fixed length control field 00570nam a2200241 a 4500
020 ## - INTERNATIONAL STANDARD BOOK NUMBER
ISBN
082 00 - DEWEY DECIMAL CLASSIFICATION NUMBER
Classification number 892.71
Author Cutter NAD
100 ## - MAIN ENTRY--AUTHOR NAME
Author name Nadvi, Abdul Qaiyum
245 ## - TITLE STATEMENT
Title Al-Tashilat Li Saba Muallaqat
260 ## - PUBLICATION, DISTRIBUTION, ETC. (IMPRINT)
Place of publication Kanpur
Name of publisher
Year of publication 0000
300 ## - PHYSICAL DESCRIPTION
Number of Pages 236p
500 ## - GENERAL NOTE
General note includes index and biblioraphy
505 2# - FORMATTED CONTENTS NOTE
Formatted contents note Urdu-Arabic
650 ## - SUBJECT ADDED ENTRY--TOPICAL TERM
Topical Term Arabic-Poetry
942 ## - ADDED ENTRY ELEMENTS (KOHA)
Koha item type Books
700 1# -
-- Nadvi, Abdul Qaiyum
Holdings
Collection code Home library Current library Date acquired Cost, normal purchase price Full call number Accession Number Koha item type
  Henry Martyn Institute Library Henry Martyn Institute Library 07/17/2008 100.00 892.71 NAD 09934 Books
                   Copyright © 2026 | Henry Martyn Institute | Hyderabad | TS-500052 | INDIA | Implemented by hmi.edu.in
Hit-Count:

Powered by Koha